[Event "WA State-ch"]
[Site "Perth"]
[Date "2004.??.??"]
[Round "4"]
[White "Boyd, Tristan"]
[Black "Baker, Russel"]
[Result "1-0"]
[WhiteElo "2230"]
[BlackElo "1805"]
[PlyCount "131"]
[EventDate "2004.??.??"]
[EventType "swiss"]
[EventRounds "9"]
[EventCountry "AUS"]
[SourceTitle "EXT 2007"]
[Source "ChessBase"]
[SourceDate "2006.11.23"]
[SourceVersion "1"]
[SourceVersionDate "2006.11.23"]
[SourceQuality "1"]

1. e4 e6 2. d4 d5 3. Nd2 Nf6 4. e5 Nfd7 5. c3 c5 6. Bd3 Nc6 7. Ne2 Qb6 8. Nf3 cxd4 9. cxd4 f6 10. exf6 Nxf6 11. 0-0 Bd6 12. Nc3 0-0 13. Bg5 Bd7 14. a3 g6 15. Na4 Qc7 16. Qc2 Kg7 17. h3 Rac8 18. Rae1 Nh5 19. Qc3 Rxf3 20. gxf3 e5 21. Kg2 exd4 22. Qd2 Bf4 23. Bxf4 Nxf4+ 24. Kh1 Rf8 25. Bb1 Qd8 26. Rg1 Qh4 27. Rg3 Bxh3 28. Kg1 Nh5 29. Qg5 Qxg5 30. Rxg5 Nf4 31. Nc5 h6 32. Rg3 Bf5 33. Bxf5 Rxf5 34. Ne6+ Kf6 35. Nxf4 Rxf4 36. Kg2 Ne5 37. Rh3 d3 38. Rd1 h5 39. Rhh1 Rxf3 40. Rh4 Rf5 41. f4 Ng4 42. Kg3 Ke6 43. Rxd3 Nf6 44. Rf3 d4 45. Rh1 Ne4+ 46. Kg2 Rd5 47. Rd1 Kf5 48. Rfd3 Kxf4 49. Rxd4 Rxd4 50. Rxd4 g5 51. Rd7 h4 52. Rf7+ Kg4 53. Rxb7 a5 54. Rh7 Nf6 55. Rf7 Nd5 56. Kh2 h3 57. Rd7 Nf4 58. b4 axb4 59. axb4 Kf3 60. b5 g4 61. Rg7 Nh5 62. Rg5 Ng3 63. b6 Nf1+ 64. Kg1 g3 65. Kxf1 h2 66. Rf5+ 1-0